000
00293nam a22001217a 4500
008
170725b xxu||||| |||| 00| 0 eng d
041
_a
eng
080
_a
004
100
_a
29
101
_a
SHK
245
_a
SIMULATION IN CIM AND ARTIFICIAL INTELLIGENCE TECHNICUES
_c
RETTI,J
942
_2
udc
_c
BK
999
_c
21873
_d
21873